বাংলা সংস্কৃতির শতবর্ষ: (Record no. 31028)

MARC details
000 -LEADER
fixed length control field 00974nam a22002177a 4500
003 - CONTROL NUMBER IDENTIFIER
control field BDDh-ASL
005 - DATE AND TIME OF LATEST TRANSACTION
control field 20231015031224.0
008 - FIXED-LENGTH DATA ELEMENTS--GENERAL INFORMATION
fixed length control field 200921s1994 b ||||| b||| 001 0 b d
040 ## - CATALOGING SOURCE
Original cataloging agency BDDh-ASL
Transcribing agency BDDh-ASL
Modifying agency BDDh-ASL
041 ## - LANGUAGE CODE
Language code of text/sound track or separate title bengali
082 ## - DEWEY DECIMAL CLASSIFICATION NUMBER
Classification number 306.42
Item number BAB
245 00 - TITLE STATEMENT
Title বাংলা সংস্কৃতির শতবর্ষ:
Statement of responsibility, etc. করুণাময় গোস্বামী ও অন্যান্য (সম্পা.)।
Remainder of title ১৩০১-১৪০০ /
246 ## - VARYING FORM OF TITLE
Title proper/short title Bangla Sanskritir Shatabarsha.
260 ## - PUBLICATION, DISTRIBUTION, ETC.
Place of publication, distribution, etc. ঢাকা:
Name of publisher, distributor, etc. মুক্তধারা,
Date of publication, distribution, etc. ১৯৭৫।
300 ## - PHYSICAL DESCRIPTION
Extent ৭৫০ পৃষ্ঠা:
Dimensions ২২ সে. মি.।
504 ## - BIBLIOGRAPHY, ETC. NOTE
Bibliography, etc. note গ্রন্থপঞ্জি সংযুক্ত ।
650 #0 - SUBJECT ADDED ENTRY--TOPICAL TERM
Topical term or geographic name entry element সংস্কৃতি (Culture)
9 (RLIN) 5961
650 #0 - SUBJECT ADDED ENTRY--TOPICAL TERM
Topical term or geographic name entry element Social Science (সমাজ বিজ্ঞান)
9 (RLIN) 5535
700 1# - ADDED ENTRY--PERSONAL NAME
Personal name গোস্বামী, করুণাময়
9 (RLIN) 846
942 ## - ADDED ENTRY ELEMENTS (KOHA)
Source of classification or shelving scheme Dewey Decimal Classification
Koha item type Books
Holdings
Withdrawn status Lost status Source of classification or shelving scheme Damaged status Not for loan Collection code Home library Current library Shelving location Date acquired Source of acquisition Total Checkouts Full call number Barcode Date last seen Copy number Price effective from Koha item type
    Dewey Decimal Classification     Non-fiction Asiatic Society Library Asiatic Society Library Wakil Ahmed Collection 03/12/2023 Donated by Prof. Wakil Ahmed   306.42 BAB 119602 03/12/2023 C-1 03/12/2023 Books

Powered by Koha